000 00755cab a2200241 4500
001 ABS57188
008 090401t1997 xxu||||| |||| 00| 0 eng d
035 _a(Sirsi) u98495
041 _aeng
100 _aCook, B.
245 _aLandraising in the green belt
260 _c1997
350 _a0
490 _aWaste Planning
_v(23) June 1997, 6-7(2)
520 _aDiscusses whether there should be a reappraisal of government guidance in PPG2 regarding landraising in the green belt. Outlines the evolution of green belt policy.
650 _aGREEN BELT
650 _aLANDFILL
650 _aLANDRAISING
650 _aPLANNING POLICY GUIDANCE NOTE 2 (GREEN BELTS)
690 _aPLANNING LAW AND PRACTICE
942 _n0
948 _c17/06/1997
999 _c59878
_d59878